00674nam a22002057a 450000500170000001000150001702000260003203500140005803700090007208200090008110000260009024500330011625000060014926000340015527000700018930000200025994200200027999900190029995201500031820260529151636.0 aENG-148679 a9789349042391c350.00 aEN-132211 bDBAD aS21 aNikolai Gogol 989237 aDead Souls/ cNikolai Gogol  a1 aChandigarhbThe Browserc2026 bChandigarhaSCO 14-15, Sector 8-Ce160009mservice@thebrowser.org a340p.c20cm(pb) 2ddccENhSmGOG c216406d216406 001040708FICaTNbTNd2026-05-29eDelivery of Books Act Divisiong350.00l0oS GOGpEN-132211r2026-05-29 15:16:58t 1v350.00w2026-05-29yEN